| 000 | 00647nam a22001937a 4500 | ||
|---|---|---|---|
| 003 | JO-AjAnu | ||
| 005 | 20251018133056.0 | ||
| 008 | 251018b jo ||||| |||| 00| 0 ara d | ||
| 020 | _a978-9927-14-539-1 | ||
| 022 | _a851/2021 | ||
| 040 |
_aANU _cJO-AjAnu |
||
| 041 | _hARA | ||
| 100 |
_aالجابر، أحمد بن محمد _eمؤلف _966904 |
||
| 245 |
_aكوريا الشمالية بعين قطرية _c / أحمد بن محمد الجابر |
||
| 260 |
_aعمان : _bدار الشرق للطباعة والنشر والتوزيع، _c2021 |
||
| 300 | _a134 صفحة | ||
| 650 | _vكوريا-وصف ورحلات | ||
| 942 |
_2lcc _cBK _n0 |
||
| 999 |
_c34142 _d34142 |
||